Exploitation of young rubber: Preliminary results (Record no. 59141)

MARC details
000 -LEADER
fixed length control field 00474nam a2200205Ia 4500
100 ## - MAIN ENTRY--AUTHOR NAME
Personal name Ng E K
245 #0 - TITLE STATEMENT
Title Exploitation of young rubber: Preliminary results
260 ## - PUBLICATION, DISTRIBUTION, ETC. (IMPRINT)
Name of publisher Planters Bulletin
Year of publication 1965
300 ## - PHYSICAL DESCRIPTION
Number of Pages 177-193
650 ## - SUBJECT ADDED ENTRY--TOPICAL TERM
Topical Term Bark consumption
650 ## - SUBJECT ADDED ENTRY--TOPICAL TERM
Topical Term Girth
650 ## - SUBJECT ADDED ENTRY--TOPICAL TERM
Topical Term Rubber
650 ## - SUBJECT ADDED ENTRY--TOPICAL TERM
Topical Term Yield
700 ## - ADDED ENTRY--PERSONAL NAME
Personal name Abraham P D
700 ## - ADDED ENTRY--PERSONAL NAME
Personal name Gill D S
700 ## - ADDED ENTRY--PERSONAL NAME
Personal name ng T C
700 ## - ADDED ENTRY--PERSONAL NAME
Personal name P
942 ## - ADDED ENTRY ELEMENTS (KOHA)
Koha item type Journals
Holdings
Withdrawn status Lost status Damaged status Not for loan Home library Current library Shelving location Date acquired Serial Enumeration / chronology Koha item type
      Journals RRII Library RRII Library Rubber general 17/12/2021 Volume 80, Issue Journals